Normal view
MARC view
Entry Topical Term
001 - CONTROL NUMBER
- control field: 260307
003 - CONTROL NUMBER IDENTIFIER
- control field: OSt
005 - DATE AND TIME OF LATEST TRANSACTION
- control field: 20260406144314.0
008 - FIXED-LENGTH DATA ELEMENTS
- fixed length control field: 260406|| aca||aabn | a|a d
040 ## - CATALOGING SOURCE
- Original cataloging agency: OSt
- Transcribing agency: OSt
150 ## - HEADING--TOPICAL TERM
- Topical term or geographic name entry element: Graph Theory
670 ## - SOURCE DATA FOUND
- Source citation: Work cat.: (OSt)241140: Sudhir Kumar Pundir 260303, Applied Discrete structures, 2019